000 00761nam a2200229 a 4500
003 BD-DhJNU
005 20251008060756.0
008 220531s2018 ||||| |||| 00| 0 eng d
020 _a9780393603026
040 _aBD-DhJNU
_bENG
_cBD-DhJNU
_dBD-DhJNU
082 0 4 _a820.8 NOR
_223
245 _aThe Norton anthology of English literature :
_bvolume A : the middle ages /
_cedited by Stephen Greenblatt and James Simpson
250 _a10th ed.
260 _aNew York :
_bW. W. Norton & Company,
_c2018.
300 _axxiv, 580 p. :
_bill. ;
_c23 cm.
504 _aIncludes bibliographic references and index.
650 0 _aEnglish literature
650 0 _aLiterature, Medieval
700 1 _aGreenblatt, Stephen
700 1 _aSimpson, James
942 _cBK
999 _c2187
_d2187